000 01287cam a2200337 a 4500
001 EDZ0000084959
003 StDuBDS
005 20161031105213.0
006 m||||||||d||||||||
007 cr |||||||||||
008 120516s2004 enka fo| 001|0|eng d
020 _a9781446218655 (ebook) :
_cNo price
040 _aStDuBDS
_beng
_cStDuBDS
_epn
049 _aAlfaisal Main Library
050 0 _aHM623
_b.P73 2004
082 0 4 _a306.071
_223
245 0 4 _aThe practice of cultural studies
_h[electronic resource] /
_cRichard Johnson ... [et al.].
260 _aLondon :
_bSAGE,
_cc2004.
300 _a1 online resource (xi, 300 p.) :
_bill.
504 _aIncludes bibliographical references and index.
520 8 _aThis is an overview of specific research traditions in cultural studies, whilst also situating those traditions in their historical context.
521 _aSpecialized.
588 _aDescription based on print version record.
650 0 _aCulture
_xStudy and teaching.
655 7 _aElectronic books.
_2local
700 1 _aJohnson, Richard,
_d1939-
710 2 _aSage eBooks
776 0 8 _iPrint version :
_z9780761961000
856 4 0 _uhttp://ezproxy.alfaisal.edu/login?url=http://sk.sagepub.com/books/the-practice-of-cultural-studies
942 _2lcc
_cEBOOKS
999 _c481634
_d481634